00558nam a2200169 i 450000100060000000300090000600500170001500700030003200800410003510000460007624501210012226000530024330000220029650000180031870000310033685200210036785319ES-MaACL20250908234053.0t|041126s1913 sp ||||1| spa d1 aJovellanos, Gaspar Melchor de,d1744-181110aManuscritos médicos, raros o dispersos / cJovellanos ; dispuestos para la impresión por Julio Somoza García-. aMadrid : bHijos de Gómez Fuentenebro, c1913. a430 p. ; c24 cm. a[Nueva serie]1 aSomoza, Julio, d1848-1940 aES-MaACLjC-1518